000 01263nam a2200253 i 4500
001 167797
003 ES-MaACL
005 20250716063332.0
008 050928s1769 sz af | |||||||| ||fre d
040 _aCAM
_bspa
_cCAM
100 0 _aVoltaire,
_d1694-1778
_9115721
245 1 0 _aThéâtre complet de M. de Voltaire
_b: tome quatrième.
260 _aGeneve :
_b[s.n.],
_c1769.
300 _a542 p., [5] h. de grab. ;
_c4º.
490 1 _aCollection complette des oeuvres de M. de Voltaire ;
_v6
500 _aDatos tomados de BN Opale-plus.
505 8 _aOctave et le jeune Pompée ou Le Triumvirat: p. 1-110 ; Les scythes: p. 111-200 ; L'Indiscret: p. 201-242 ; L'Enfant prodigue: p. 243-342 ; Nanine ou L'Homme sans préjugé: p. 343-426 ; La Prude ou La Gardeuse de Cassette: p. 427-540
596 _aSegún consta en otros registros de BN Opale-plus impreso por Frères Cramer.
597 _aSign.: A-2Z4, 3A-3X4, 3Y3.
599 _aLas h. de grab. calc.: "H. Delagrave inv., J. le Veau sculp.", alegóricas, precediendo cada obra.
830 0 _aCollection complette des oeuvres de M. de Voltaire ;
_v6
_9188768
852 _aES-MaACL
_jR-757-60
_z-- Enc. hol.
_q-- Falto de port.?
_x Olim: G-6597-600
999 _c167797
_d167797